Стратегия MBA (Запись № 10077762)

Подробности
000 -МАРКЕР
контрольное поле 01455nam1a2200277 i 4500
001 - ИДЕНТИФИКАТОР ЗАПИСИ
контрольное поле RU\NLR\BIBL_A\010783050
005 - ИДЕНТИФИКАТОР ВЕРСИИ
контрольное поле 20260407141913.0
010 ## - МЕЖДУНАРОДНЫЙ СТАНДАРТНЫЙ НОМЕР КНИГИ (ISBN)
Номер (ISBN) 9785752705410
Уточнения курсовой
035 ## - ДРУГИЕ СИСТЕМНЫЕ НОМЕРА
Идентификатор записи (NLR Aleph) 010783050
100 ## - ДАННЫЕ ОБЩЕЙ ОБРАБОТКИ
Данные общей обработки 20150520g20159999km y0rusy50 ca
101 1# - ЯЗЫК РЕСУРСА
Язык текста, звукозаписи и т.д. русский
Язык оригинала английский
102 ## - СТРАНА ПУБЛИКАЦИИ ИЛИ ПРОИЗВОДСТВА
Страна публикации Российская Федерация
105 ## - ПОЛЕ КОДИРОВАННЫХ ДАННЫХ: ТЕКСТОВЫЕ МАТЕРИАЛЫ, МОНОГРАФИЧЕСКИЕ
Кодированные данные о монографическом текстовом документе j
200 1# - ЗАГЛАВИЕ И СВЕДЕНИЯ ОБ ОТВЕТСТВЕННОСТИ
Основное заглавие Стратегия MBA
Сведения, относящиеся к заглавию хрестоматия
-- [учебное пособие]
Первые сведения об ответственности The Open univ., Business school, Междунар. ин-т менеджмента ЛИНК (LINK)
Последующие сведения об ответственности [рус. текст подгот.: проф. В. Н. Голубкин (гл. ред.) и др.
-- пер. с англ. Ю. Я. Герасимов и др.]
210 ## - ПУБЛИКАЦИЯ, РАСПРОСТРАНЕНИЕ И ДР.
Место издания, распространения и т.д. Жуковский
Имя издателя, распространителя и т. д. Изд-во Международного института менеджмента ЛИНК
Дата издания, распространения и т.д. 2015
215 ## - ФИЗИЧЕСКАЯ ХАРАКТЕРИСТИКА
Размеры 29
225 1# - СЕРИЯ
Основное заглавие серии R820 Стратегия
606 1# - НАИМЕНОВАНИЕ ТЕМЫ КАК ПРЕДМЕТ
Наименование темы Менеджмент стратегический
Формальный подзаголовок Учебные издания для высших учебных заведений
Системный номер авторитетной/нормативной записи 2072680
Идентификатор авторитетной/нормативной записи RU\NLR\AUTH\661247525
686 1# - ИНДЕКСЫ ДРУГИХ КЛАССИФИКАЦИЙ
Индекс У21(0)2я73-3
702 #1 - ИМЯ ЛИЦА - ВТОРИЧНАЯ ОТВЕТСТВЕННОСТЬ
Начальный элемент ввода Голубкин
Часть имени, кроме начального элемента ввода В. Н.
Расширение инициалов личного имени Виктор Николаевич
Код отношения Редактор
712 02 - НАИМЕНОВАНИЕ ОРГАНИЗАЦИИ - ВТОРИЧНАЯ ОТВЕТСТВЕННОСТЬ
Код отношения Прочие
Начальный элемент ввода "ЛИНК", международный институт менеджмента
Идентифицирующий признак Жуковский
Системный номер авторитетной/нормативной записи 519224
Идентификатор авторитетной/нормативной записи RU\NLR\AUTH\8810010780
852 ## - МЕСТОНАХОЖДЕНИЕ И ШИФР ХРАНЕНИЯ
Идентификатор организации NLR
Шифр хранения (Call Number) 2015-8/1824
942 ## - ДОПОЛНИТЕЛЬНЫЕ ЭЛЕМЕНТЫ ЗАПИСИ (АБИС)
Тип экземпляра АБИС Книга

Нет доступных экземпляров.